00743nam a2200157Ia 4500008004100000020001800041050001700059100002000076245016200096260003600258300001500294650008800309700006400397952010700461999001700568120626s9999 xx 000 0 und d a968-23-2315-0 aHF1418.5 A63 aALTVATER, Elmar aLas limitaciones de la globalización: Economía, ecología y política de la globalización / Elmar Altvater, Birgit Mahnkopf; tr. Claudia Cabrera Luna aMéxico: Siglo Veintiuno, UNAM aIX, 433 p. a1.INTEGRACION ECONOMICA INTERNACIONAL 2.POLITICA AMBIENTAL - - ASPECTOS ECONOMICOS aI.MAHNKOPF, Birgit, coaut. II.CABRERA LUNA, Claudia, tr.Ì 00104070a09b09d2009-03-27l11oHF1418.5 A63p09 002869r2020-03-02s2020-03-02t1w2012-06-26yLB c64348d64348